Patriotic pilgrimage of India / (Record no. 150580)

MARC details
000 -LEADER
fixed length control field 00698nam a22001937a 4500
005 - DATE AND TIME OF LATEST TRANSACTION
control field 20180327144447.0
010 ## - LCCN (DPL NO)
LC control number B-690941-945
020 ## - INTERNATIONAL STANDARD BOOK NUMBER
International Standard Book Number 9789352664481
Terms of availability 500.00
035 ## - SYSTEM CONTROL NUMBER
System control number B-690941-945
037 ## - SOURCE OF ACQUISITION
Source of stock number/acquisition Pansy Books
082 ## - DEWEY DECIMAL CLASSIFICATION NUMBER
Classification number 921
100 ## - MAIN ENTRY--PERSONAL NAME
Personal name Rishi Raj
245 ## - TITLE STATEMENT
Title Patriotic pilgrimage of India /
Statement of responsibility, etc by Rishi Raj
260 ## - PUBLICATION, DISTRIBUTION, ETC. (IMPRINT)
Place of publication, distribution, etc New Delhi
Name of publisher, distributor, etc Prabhat Prakashan
Date of publication, distribution, etc 2018
270 ## - ADDRESS
Address 4/19, Asaf Ali Road,
City New Delhi
Postal code 110002
300 ## - PHYSICAL DESCRIPTION
Extent xi,184p.
Dimensions 23cm(Hb)
942 ## - ADDED ENTRY ELEMENTS (KOHA)
Source of classification or shelving scheme Dewey Decimal Classification
Item type English Books
Call number suffix RIS
Classification part 921
Holdings
Withdrawn status Lost status Not for loan Collection code Home library Current library Date acquired Source of acquisition Cost, normal purchase price Full call number Barcode Copy number Cost, replacement price Koha item type
      Non-fiction Ashok Vihar Ashok Vihar 27/03/2018 Prabhat/L3481/9.3.2018/EN/Spl/2017-18/894/9.3.2018/14.3.2018 500.00 921 RIS B-690942 1 500.00 English Books
      Non-fiction Central Library Central Library 27/03/2018 Prabhat/L3481/9.3.2018/EN/Spl/2017-18/894/9.3.2018/14.3.2018 500.00 921 RIS B-690941 1 500.00 English Books
      Non-fiction Patel Nagar Patel Nagar 27/03/2018 Prabhat/L3481/9.3.2018/EN/Spl/2017-18/894/9.3.2018/14.3.2018 500.00 921 RIS B-690943 1 500.00 English Books
      Non-fiction Sarojini Nagar Sarojini Nagar 27/03/2018 Prabhat/L3481/9.3.2018/EN/Spl/2017-18/894/9.3.2018/14.3.2018 500.00 921 RIS B-690944 1 500.00 English Books
      Non-fiction Shahdara Branch Shahdara Branch 27/03/2018 Prabhat/L3481/9.3.2018/EN/Spl/2017-18/894/9.3.2018/14.3.2018 500.00 921 RIS B-690945 1 500.00 English Books

© Delhi Public Library
Hit Counter
free hit counter